Juhász Gyula-díjasok

Elmentve itt :
Bibliográfiai részletek
Szerzők: Dura Gézáné
Petróczy Sándor
Dokumentumtípus: Cikk
Megjelent: 1985-04-30
Sorozat:Délmagyarország 75 No. 100
Kulcsszavak:Dura Gézáné, Petróczy Sándor 1942-2009, Hódmezővásárhely, Kitüntetés Juhász Gyula-díj Hódmezővásárhely
Online Access:http://dmarchiv.bibl.u-szeged.hu/86315
LEADER 00586nab a2200169 i 4500
001 delm86315
005 20190911154857.0
008 190911s1985 hu o 0|| hun d
040 |a SZTE Délmagyarország Archívum  |b hun 
041 |a hun 
100 1 |a Dura Gézáné 
245 1 0 |a Juhász Gyula-díjasok  |h [elektronikus dokumentum] /  |c  Dura Gézáné 
260 |c 1985-04-30 
300 |a 5 
490 0 |a Délmagyarország  |v 75 No. 100 
695 |a Dura Gézáné, Petróczy Sándor 1942-2009, Hódmezővásárhely, Kitüntetés Juhász Gyula-díj Hódmezővásárhely 
700 0 1 |a Petróczy Sándor  |e aut